| 000 | 02213cam a22001934a 4500 | ||
|---|---|---|---|
| 005 | 20250605164406.0 | ||
| 008 | 250528s ||||||||||||||||||||||||d | ||
| 035 | _a24824 | ||
| 020 | _a9786180126440 | ||
| 040 |
_aGR-AtMCL _bgre _dGR-AtMCL _eAACR2 |
||
| 245 | 1 | _aΕπιτυχημένος Ηγέτης και Μάνατζερ / Πρακτικές, Μέθοδοι και Εργαλεία για Εξαιρετικά Αποτελέσματα Μέσω της Ομάδας | |
| 260 |
_bΨυχογιός, _c2018 |
||
| 300 | _a488 | ||
| 520 | _aΤο βιβλίο στηρίζεται στην Πλέον Σύγχρονη Επιστημονική Γνώση και στις Βέλτιστε Πρακτικές Παγκοσμίως που Συναρμόζουν με τα Χαρακτηριστικά των Επιχειρήσεων και του Περιβάλλοντος στην Ελλάδα. Πρόλογος, Τα Θεμελιώδη του Μάνατζμεντ και Μάνατζερ και Αποτελεσματικότητα, Ηγεσία για Εξαιρετικά Αποτελέσματα και Επιτυχημένη Καριέρα, Ικανότητες και Χαρακτηριστικά και Ανάπτυξη Ηγετών, Ηγεσία και Μάνατζμεντ Ομάδας στην Πράξη, Πρώτα Εξασφαλίστε τους Σωστούς Συνεργάτες, Προσωπικός Σχεδιασμός και Ανάθεση Καθηκόντων, Πώς να Βελτιώνετε και να Αναπτύσσετε Διαρκώς τις Ικανότητες και τις Επιδόσεις των Συνεργατών σας, Παρακίνηση Συνεργατών: Πώς ο Ηγέτης Κάνει τους Συνεργάτες του να Δίνουν τον Καλύτερο τους Εαυτό για Εξαιρετικές Επιδόσεις, Ανάπτυξη Ομάδας για Εξαιρετικά Αποτελέσματα, Διαμορφώστε Κουλτούρα Εραιτικών Επιδόσεων, Επιλεγένα Βιβλιογραφία. | ||
| 700 | 1 |
_aΜπουραντάς Δημήτρης _91036 |
|
| 942 | _cBK | ||
| 999 |
_c9666 _d9666 |
||